[Event "II Festival A"]
[Site "Salsomaggiore Terme ITA"]
[Date "1998.05.??"]
[Round "1"]
[White "Rogers, Ian"]
[Black "Profumo, Alberto"]
[Result "1-0"]
[WhiteElo "2570"]
[BlackElo "2270"]
[PlyCount "85"]
[EventDate "1998.05.14"]

1. e4 c6 2. d4 d5 3. Nc3 dxe4 4. Nxe4 Bf5 5. Ng3 Bg6 6. Bc4 e6 7. N1e2 Nf6 8.
O-O Bd6 9. f4 O-O 10. f5 exf5 11. Nxf5 Nd5 12. Nxd6 Qxd6 13. Nf4 Be4 14. Bb3
Nd7 15. c4 Nxf4 16. Bxf4 Qg6 17. Qd2 Rad8 18. Bc7 Rc8 19. Bg3 c5 20. d5 a6 21.
a4 Rfe8 22. a5 Ne5 23. Rac1 Rcd8 24. Rc3 f6 25. Ba4 Re7 26. Qe3 Rc8 27. d6 Re6
28. d7 Rd8 29. Qxc5 Nc6 30. Rd1 Qf7 31. b4 Rxd7 32. Rcc1 Qe7 33. Rxd7 Qxd7 34.
Rd1 Qe7 35. Bd6 Qf7 36. b5 Qg6 37. Bg3 axb5 38. cxb5 Nxa5 39. Rd8+ Re8 40. Qe7
Rxd8 41. Qxd8+ Kf7 42. Qxa5 h5 43. Bb3+ 1-0

[Event "II Festival A"]
[Site "Salsomaggiore Terme ITA"]
[Date "1998.05.??"]
[Round "1"]
[White "Salami, Marco"]
[Black "Zlochevskij, Alexander"]
[Result "1/2-1/2"]
[WhiteElo "2205"]
[BlackElo "2435"]
[PlyCount "44"]
[EventDate "1998.05.14"]

1. e4 e6 2. d3 c5 3. g3 Nc6 4. Bg2 g6 5. Nc3 Bg7 6. f4 Nge7 7. Nf3 d6 8. O-O
O-O 9. Be3 Nd4 10. e5 Nef5 11. Bf2 Nxf3+ 12. Qxf3 Nd4 13. Qd1 dxe5 14. fxe5
Bxe5 15. Ne4 Qc7 16. c3 Nf5 17. Bxc5 Rd8 18. Qf3 b6 19. d4 Bg7 20. Ba3 Ba6 21.
Rf2 Bc4 22. g4 Nh4 1/2-1/2

[Event "II Festival A"]
[Site "Salsomaggiore Terme ITA"]
[Date "1998.05.??"]
[Round "1"]
[White "Squarci, Franco"]
[Black "De Santis, Alessio"]
[Result "0-1"]
[WhiteElo "1948"]
[BlackElo "2310"]
[PlyCount "72"]
[EventDate "1998.05.14"]

1. c4 e5 2. Nc3 Bb4 3. Ne4 Qh4 4. Qc2 f5 5. Ng3 g6 6. Nf3 Qf6 7. e4 f4 8. Ne2
c5 9. a3 Ba5 10. b3 Nc6 11. Bb2 Nge7 12. Nc3 Bxc3 13. Qxc3 d6 14. b4 b6 15. b5
Nd4 16. Nxd4 exd4 17. Qf3 Qe5 18. Be2 h5 19. h3 Bb7 20. d3 Rf8 21. g4 h4 22.
Qg2 f3 23. Bxf3 d5 24. O-O dxc4 25. dxc4 g5 26. Rfe1 O-O-O 27. Rad1 Ng6 28. Bc1
Rd7 29. Qh1 Qf6 30. Rd3 Ne5 31. Rb3 d3 32. Re3 Nxf3+ 33. Rxf3 Qxf3 34. Qxf3
Rxf3 35. Bxg5 d2 36. Bxd2 Rxb3 0-1

[Event "II Festival A"]
[Site "Salsomaggiore Terme ITA"]
[Date "1998.05.??"]
[Round "1"]
[White "Tencati, Giuseppe"]
[Black "Iotti, Pierluigi"]
[Result "0-1"]
[WhiteElo "2040"]
[BlackElo "2325"]
[PlyCount "74"]
[EventDate "1998.05.14"]

1. d4 Nf6 2. c4 e6 3. Nf3 b6 4. Nc3 Bb7 5. Bg5 Be7 6. e3 c5 7. dxc5 bxc5 8. Be2
Qb6 9. Qc2 O-O 10. O-O Rd8 11. Rfd1 d6 12. Rd2 Nbd7 13. Rad1 Nf8 14. Ne1 Ng6
15. Bf3 Bxf3 16. Nxf3 h6 17. Bxf6 Bxf6 18. Ne4 Be7 19. g3 Qc6 20. Ne1 f5 21.
Nc3 Ne5 22. b3 g5 23. e4 f4 24. f3 Rf8 25. g4 a6 26. Kg2 Kg7 27. Nd3 Bf6 28.
Nxe5 Bxe5 29. Rd3 h5 30. h3 Rh8 31. Rf1 Rh6 32. Rdd1 Rah8 33. Rh1 Kf6 34. h4
hxg4 35. hxg5+ Kxg5 36. Rxh6 Rxh6 37. Rg1 Bd4 0-1

[Event "II Festival A"]
[Site "Salsomaggiore Terme ITA"]
[Date "1998.05.??"]
[Round "1"]
[White "Tomasi, Diego"]
[Black "Mrdja, Milan"]
[Result "0-1"]
[WhiteElo "2055"]
[BlackElo "2380"]
[PlyCount "48"]
[EventDate "1998.05.14"]

1. d4 Nf6 2. Nf3 g6 3. g3 Bg7 4. Bg2 O-O 5. O-O d6 6. c4 c6 7. Nc3 Qa5 8. Bd2
Qh5 9. Nh4 g5 10. Nf3 h6 11. Qc2 Bh3 12. e4 Ng4 13. Qd3 Nd7 14. Rfe1 c5 15. Nd5
Rae8 16. Bc3 cxd4 17. Bxd4 Bxd4 18. Qxd4 Bxg2 19. Kxg2 Nde5 20. Nxe5 Qxh2+ 21.
Kf1 dxe5 22. Qxa7 e6 23. Nc3 Ra8 24. Qb6 Ra6 0-1

[Event "II Festival A"]
[Site "Salsomaggiore Terme ITA"]
[Date "1998.05.??"]
[Round "1"]
[White "Vujovic, Milorad"]
[Black "Efimov, Igor"]
[Result "1/2-1/2"]
[WhiteElo "2270"]
[BlackElo "2525"]
[PlyCount "107"]
[EventDate "1998.05.14"]

1. c4 e6 2. d4 c5 3. Nf3 cxd4 4. Nxd4 a6 5. Nc3 Nf6 6. e4 d6 7. Be2 b6 8. f4
Bb7 9. Bf3 Nbd7 10. O-O Rc8 11. Qe2 Qc7 12. b3 b5 13. Nd5 exd5 14. exd5+ Kd8
15. Nc6+ Bxc6 16. dxc6 Nc5 17. Be3 Qb8 18. Rad1 Kc7 19. Qd2 b4 20. g4 Re8 21.
g5 Nfe4 22. Bxe4 Nxe4 23. Qd5 Nc3 24. Qa5+ Kxc6 25. Qxa6+ Kd7 26. Rde1 Be7 27.
Qa5 g6 28. c5 Qb7 29. a3 Ra8 30. Qxb4 Qxb4 31. axb4 Rhb8 32. Bd2 Nd5 33. f5 Ra2
34. Rd1 dxc5 35. Bf4 Rxb4 36. Rxd5+ Kc6 37. Rd3 gxf5 38. Bg3 Rd4 39. Rdf3 Bxg5
40. Rxf5 f6 41. Bf4 Rc2 42. Bxg5 Rg4+ 43. Kh1 fxg5 44. Rg1 Rh4 45. Rgxg5 Rhxh2+
46. Kg1 Rh3 47. b4 cxb4 48. Rf6+ Kd7 49. Rg7+ Ke8 50. Rb6 Kf8 51. Ra7 Rg3+ 52.
Kh1 Re3 53. Ra8+ Ke7 54. Ra7+ 1/2-1/2

[Event "II Festival A"]
[Site "Salsomaggiore Terme ITA"]
[Date "1998.05.??"]
[Round "2"]
[White "De Santis, Alessio"]
[Black "Komljenovic, Davorin"]
[Result "1/2-1/2"]
[WhiteElo "2310"]
[BlackElo "2425"]
[PlyCount "63"]
[EventDate "1998.05.14"]

1. d4 Nf6 2. c4 e6 3. Nc3 Bb4 4. e3 O-O 5. Bd3 c5 6. Nge2 cxd4 7. exd4 d5 8.
cxd5 Nxd5 9. O-O Nc6 10. Qb3 Be7 11. Nxd5 Qxd5 12. Qxd5 exd5 13. Bd2 Bg4 14. f3
Bd7 15. Rfe1 Rfe8 16. Rad1 Bf6 17. Bc3 Rad8 18. Kf2 Bc8 19. Bb5 a6 20. Bxc6
bxc6 21. Bb4 Bf5 22. Bc5 Bg5 23. Nc3 Bc2 24. Rxe8+ Rxe8 25. Re1 Rxe1 26. Kxe1
Bd3 27. Na4 f6 28. Bb4 Be3 29. Bc3 Bf5 30. Nc5 Bc8 31. Ke2 Bf4 32. h3 1/2-1/2

[Event "II Festival A"]
[Site "Salsomaggiore Terme ITA"]
[Date "1998.05.??"]
[Round "2"]
[White "Digiugno, Franco"]
[Black "Golubovic, Boris"]
[Result "0-1"]
[WhiteElo "2140"]
[BlackElo "2450"]
[PlyCount "98"]
[EventDate "1998.05.14"]

1. d4 d5 2. Nf3 Nf6 3. Bg5 Ne4 4. Bf4 c5 5. c3 Nc6 6. e3 Bg4 7. Be2 e6 8. Nbd2
Nxd2 9. Qxd2 cxd4 10. exd4 Bd6 11. Bxd6 Qxd6 12. O-O O-O 13. Rfe1 Bxf3 14. Bxf3
b5 15. Rac1 Rab8 16. h4 Rfc8 17. h5 b4 18. Re3 Ne7 19. Be2 Nf5 20. Rh3 bxc3 21.
bxc3 Qa3 22. g4 Nxd4 23. Bd3 Nc6 24. Re1 Rb2 25. Qf4 Qe7 26. g5 Qc7 27. Qc1
Rbb8 28. g6 h6 29. gxf7+ Qxf7 30. Bg6 Qf6 31. Qe3 e5 32. Rf3 Qd6 33. Bf7+ Kh8
34. Rd1 d4 35. Qe4 Rf8 36. Rf5 Qc7 37. Bb3 dxc3 38. Bc2 g6 39. hxg6 Rxf5 40.
Qxf5 Nd4 41. Qf6+ Qg7 42. Qd6 Rf8 43. Be4 Qf6 44. Qxf6+ Rxf6 45. Kg2 c2 46. Rc1
Kg7 47. f3 Ra6 48. Kf2 Rxa2 49. Ke3 Ra3+ 0-1

[Event "II Festival A"]
[Site "Salsomaggiore Terme ITA"]
[Date "1998.05.??"]
[Round "2"]
[White "Doric, Nenad"]
[Black "Loncar, Robert"]
[Result "1/2-1/2"]
[WhiteElo "2230"]
[BlackElo "2405"]
[PlyCount "49"]
[EventDate "1998.05.14"]

1. e4 g6 2. d4 Bg7 3. Nc3 d6 4. g3 a6 5. a4 b6 6. Bg2 Bb7 7. Nge2 Nd7 8. h3 e5
9. Be3 Ngf6 10. O-O O-O 11. g4 Re8 12. Ng3 exd4 13. Bxd4 Ne5 14. g5 Nfd7 15. f4
c5 16. Bxe5 dxe5 17. f5 Bc6 18. h4 b5 19. axb5 axb5 20. Rxa8 Qxa8 21. Nd5 Bxd5
22. Qxd5 Qxd5 23. exd5 Ra8 24. fxg6 hxg6 25. d6 1/2-1/2

[Event "II Festival A"]
[Site "Salsomaggiore Terme ITA"]
[Date "1998.05.??"]
[Round "2"]
[White "Efimov, Igor"]
[Black "Vezzosi, Paolo"]
[Result "1-0"]
[WhiteElo "2525"]
[BlackElo "2275"]
[PlyCount "79"]
[EventDate "1998.05.14"]

1. Nf3 Nf6 2. c4 c5 3. g3 d5 4. cxd5 Nxd5 5. Bg2 Nc6 6. O-O e5 7. Qa4 Nb6 8.
Qc2 Be7 9. a3 Be6 10. d3 Rc8 11. b3 O-O 12. Nbd2 f6 13. e3 Qd7 14. Bb2 Rfd8 15.
Ne1 Nd5 16. Rc1 b5 17. Qd1 Nb6 18. f4 exf4 19. gxf4 c4 20. Qf3 Bg4 21. Qg3 Be6
22. Ne4 Kh8 23. dxc4 bxc4 24. b4 Na4 25. Ba1 a5 26. Nc2 axb4 27. axb4 Rb8 28.
Rb1 Qd3 29. b5 Qxc2 30. Rbc1 Qa2 31. bxc6 Rbc8 32. Bd4 Ba3 33. Nxf6 Rxd4 34.
Nh5 Rg8 35. Ra1 Rd2 36. Rxa2 Rxa2 37. f5 Bf7 38. Nf4 c3 39. Bd5 Bxd5 40. Ng6+
1-0

[Event "II Festival A"]
[Site "Salsomaggiore Terme ITA"]
[Date "1998.05.??"]
[Round "2"]
[White "Farago, Ivan"]
[Black "Jurkovic, Hrvoje"]
[Result "1-0"]
[WhiteElo "2475"]
[BlackElo "2380"]
[PlyCount "73"]
[EventDate "1998.05.14"]

1. d4 Nf6 2. c4 d6 3. Nc3 Nbd7 4. Nf3 e5 5. e4 c6 6. Be2 Be7 7. Be3 Qc7 8. O-O
Nf8 9. Re1 Ng6 10. Bf1 O-O 11. h3 a6 12. Rc1 b6 13. b4 Bb7 14. d5 c5 15. Qb3
Rfb8 16. Rb1 Bc8 17. Rb2 Nd7 18. Reb1 Bd8 19. a4 Rb7 20. Qa3 Rab8 21. Ne1 h6
22. Nd3 Bg5 23. Bxg5 hxg5 24. a5 cxb4 25. Nxb4 Ra8 26. Nc6 bxa5 27. Na4 Rxb2
28. Qxb2 Kf8 29. c5 dxc5 30. Qc3 Ne7 31. Nxc5 Nxc6 32. Nxd7+ Bxd7 33. Rc1 Qd6
34. dxc6 Rc8 35. Qxa5 Ke7 36. cxd7 Rxc1 37. d8=Q+ 1-0

[Event "II Festival A"]
[Site "Salsomaggiore Terme ITA"]
[Date "1998.05.??"]
[Round "2"]
[White "Iotti, Pierluigi"]
[Black "Mitkov, Nikola"]
[Result "0-1"]
[WhiteElo "2325"]
[BlackElo "2500"]
[PlyCount "118"]
[EventDate "1998.05.14"]

1. d4 Nf6 2. c4 e6 3. Nc3 Bb4 4. Qc2 O-O 5. a3 Bxc3+ 6. Qxc3 b6 7. Bg5 c5 8.
dxc5 bxc5 9. Nf3 Nc6 10. Bxf6 Qxf6 11. Qxf6 gxf6 12. e3 Rb8 13. O-O-O Rd8 14.
Be2 Kf8 15. Kc2 Na5 16. Rd6 Ke7 17. Rhd1 Bb7 18. Kc3 Bd5 19. Ra6 Rb3+ 20. Kc2
Be4+ 21. Kc1 Rxe3 22. Kd2 Rxe2+ 23. Kxe2 Nxc4 24. b3 Nb6 25. Rxa7 Nd5 26. Rc1
Rb8 27. Nd2 Bxg2 28. Rxc5 Rg8 29. b4 Rg5 30. Rc4 Re5+ 31. Kd3 Rf5 32. Ke2 Re5+
33. Kd3 Bh3 34. Rh4 Bf5+ 35. Ne4 Nb6 36. Kd4 Rd5+ 37. Kc3 Rd1 38. Nc5 e5 39. a4
Rc1+ 40. Kd2 Rc2+ 41. Ke1 Nd5 42. a5 Nf4 43. Kd1 Rxf2 44. a6 Nd5 45. Rb7 Ne3+
46. Ke1 Ra2 47. Rh5 Bg4 48. Rxd7+ Bxd7 49. Nxd7 Kxd7 50. b5 Ra5 51. Rxh7 Rxb5
52. Rxf7+ Ke6 53. Rb7 Ra5 54. a7 Nc2+ 55. Kf2 Nd4 56. h4 Kf5 57. Rg7 Nc6 58. h5
Rxa7 59. h6 Ra8 0-1

[Event "II Festival A"]
[Site "Salsomaggiore Terme ITA"]
[Date "1998.05.??"]
[Round "2"]
[White "Jurkovic, Ante"]
[Black "Caposciutti, Maurizio"]
[Result "1-0"]
[WhiteElo "2320"]
[BlackElo "2310"]
[PlyCount "45"]
[EventDate "1998.05.14"]

1. e4 c5 2. Nf3 Nc6 3. d4 cxd4 4. Nxd4 e5 5. Nb5 d6 6. Be3 Be7 7. N1c3 a6 8.
Nd5 axb5 9. Bb6 Qd7 10. Nc7+ Kf8 11. Nxa8 Nf6 12. Bxb5 Nxe4 13. Nc7 Nf6 14. Nd5
Nxd5 15. Qxd5 Qg4 16. O-O Be6 17. Qd2 h5 18. f3 Qg6 19. a4 h4 20. a5 h3 21. g3
Bg5 22. Qxd6+ Be7 23. Qc7 1-0

[Event "II Festival A"]
[Site "Salsomaggiore Terme ITA"]
[Date "1998.05.??"]
[Round "2"]
[White "Kovacevic, Slobodan"]
[Black "Peric, Slavisa"]
[Result "1-0"]
[WhiteElo "2420"]
[BlackElo "2365"]
[PlyCount "77"]
[EventDate "1998.05.14"]

1. d4 d5 2. Bf4 e6 3. e3 Bd6 4. Bg3 c5 5. c3 Nf6 6. Nd2 Nc6 7. Ngf3 O-O 8. Bd3
cxd4 9. exd4 Qc7 10. Qe2 Re8 11. Bxd6 Qxd6 12. Ne5 Qe7 13. f4 Nd7 14. O-O Nf8
15. Rae1 f6 16. Nxc6 bxc6 17. Nb3 Qd6 18. Rf3 a5 19. Qf2 Ba6 20. Bb1 Bc8 21.
Rfe3 Ra7 22. Bc2 Ree7 23. Nc5 Bd7 24. g3 Be8 25. Qe2 Bf7 26. Bf5 Ra8 27. Bxe6
Bxe6 28. f5 Rae8 29. fxe6 f5 30. Re5 g6 31. g4 fxg4 32. Qxg4 Kg7 33. R1e3 h6
34. h4 Nh7 35. Rg3 g5 36. hxg5 Nxg5 37. Rxg5+ hxg5 38. Qxg5+ Kh8 39. Qf6+ 1-0

[Event "II Festival A"]
[Site "Salsomaggiore Terme ITA"]
[Date "1998.05.??"]
[Round "2"]
[White "Minerva, Enzo"]
[Black "Tencati, Giuseppe"]
[Result "1-0"]
[WhiteElo "2155"]
[BlackElo "2040"]
[PlyCount "31"]
[EventDate "1998.05.14"]

1. e4 e6 2. d3 d5 3. Nd2 c5 4. Ngf3 Nc6 5. g3 Nf6 6. Bg2 Be7 7. O-O O-O 8. Re1
a5 9. e5 Nd7 10. Nf1 b5 11. a3 Ba6 12. h4 Qc7 13. Bf4 Rfc8 14. N1h2 b4 15. Ng4
Nd4 16. Ng5 1-0

[Event "II Festival A"]
[Site "Salsomaggiore Terme ITA"]
[Date "1998.05.??"]
[Round "2"]
[White "Mrdja, Milan"]
[Black "Rogers, Ian"]
[Result "1/2-1/2"]
[WhiteElo "2380"]
[BlackElo "2570"]
[PlyCount "30"]
[EventDate "1998.05.14"]

1. e4 e5 2. Nf3 Nc6 3. Bb5 Bc5 4. c3 f5 5. O-O fxe4 6. Bxc6 dxc6 7. Nxe5 Qh4 8.
d4 exd3 9. Qb3 Qh5 10. Nxd3 Bd6 11. Re1+ Ne7 12. Bf4 Bxf4 13. Nxf4 Qf7 14.
Qxf7+ Kxf7 15. Nd2 Nd5 1/2-1/2

[Event "II Festival A"]
[Site "Salsomaggiore Terme ITA"]
[Date "1998.05.??"]
[Round "2"]
[White "Nicolo', Filippo"]
[Black "Costantini, Roberto"]
[Result "0-1"]
[WhiteElo "1971"]
[BlackElo "2140"]
[PlyCount "98"]
[EventDate "1998.05.14"]

1. e4 c5 2. Nf3 d6 3. d4 cxd4 4. Nxd4 Nf6 5. Nc3 a6 6. Bc4 e6 7. Bb3 Nbd7 8.
Be3 Nc5 9. f3 Be7 10. Qd2 Qc7 11. O-O-O b5 12. g4 Bb7 13. g5 Nfd7 14. h4 Rc8
15. h5 Ne5 16. f4 Nxb3+ 17. axb3 b4 18. Na4 Bxe4 19. fxe5 dxe5 20. c3 bxc3 21.
Nxc3 Bxh1 22. Rxh1 exd4 23. Qxd4 e5 24. Qg4 Qd7 25. Qg3 Qe6 26. Re1 O-O 27. h6
Rfd8 28. Bd2 Bf8 29. Qh2 g6 30. Qxe5 Qxe5 31. Rxe5 Bb4 32. Kc2 Re8 33. Rd5 Kf8
34. Rd4 a5 35. Rc4 Red8 36. Be3 Re8 37. Bd4 Bxc3 38. Kxc3 Ke7 39. Bb6 Ra8 40.
Rc6 Rec8 41. Rxc8 Rxc8+ 42. Kd4 Ra8 43. b4 axb4 44. Bc5+ Ke6 45. Bxb4 Ra4 46.
Kc3 f6 47. gxf6 Kxf6 48. Bf8 g5 49. b4 Ra8 0-1

[Event "II Festival A"]
[Site "Salsomaggiore Terme ITA"]
[Date "1998.05.??"]
[Round "2"]
[White "Oppici, Gabriele"]
[Black "Squarci, Franco"]
[Result "1-0"]
[WhiteElo "2095"]
[BlackElo "1948"]
[PlyCount "124"]
[EventDate "1998.05.14"]

1. Nc3 Nf6 2. e4 e5 3. Nf3 Nc6 4. d4 exd4 5. Nxd4 d6 6. Be2 Be7 7. Be3 O-O 8.
g4 Ne5 9. Rg1 c5 10. Nf5 Be6 11. f4 Nc4 12. Bxc4 Bxc4 13. g5 Ne8 14. Nd5 Bxd5
15. Qxd5 Nc7 16. Qd3 Re8 17. O-O-O Bf8 18. Qc3 Nb5 19. Nh6+ Kh8 20. Nxf7+ Kg8
21. Qb3 c4 22. Qxc4 d5 23. Qxb5 Kxf7 24. Rxd5 Qc8 25. Qd7+ Re7 26. Qxc8 Rxc8
27. e5 Rec7 28. Rg2 Ke6 29. Rd3 b6 30. Rgd2 Be7 31. Kd1 g6 32. c3 b5 33. Ke2 b4
34. Bd4 a5 35. Bb6 bxc3 36. bxc3 Rxc3 37. Rxc3 Rxc3 38. Bxa5 Rh3 39. Kf1 Bc5
40. Kg2 Ra3 41. Bc7 Kf5 42. Bd6 Be3 43. Rc2 Rd3 44. a4 Rd4 45. a5 Kg4 46. h3+
Kf5 47. Bc7 Bxf4 48. a6 Rd3 49. Ra2 Rg3+ 50. Kf1 Rxh3 51. Ra4 Be3 52. a7 Bxa7
53. Rxa7 Kxg5 54. Kg2 Re3 55. Bd6 Kg4 56. Rxh7 Re2+ 57. Kf1 Rc2 58. Rc7 Rh2 59.
Rc3 Kf5 60. Rf3+ Ke6 61. Rf6+ Kd7 62. Rxg6 Rd2 1-0

[Event "II Festival A"]
[Site "Salsomaggiore Terme ITA"]
[Date "1998.05.??"]
[Round "2"]
[White "Pangrazzi, Marco"]
[Black "Tomasi, Diego"]
[Result "1-0"]
[WhiteElo "2250"]
[BlackElo "2055"]
[PlyCount "71"]
[EventDate "1998.05.14"]

1. e4 e6 2. d4 d5 3. Nc3 Nc6 4. Nf3 Nf6 5. Bg5 Be7 6. e5 Ne4 7. Be3 Nxc3 8.
bxc3 Na5 9. Nd2 b6 10. Qg4 g6 11. Bh6 Bb7 12. Qf4 g5 13. Qg4 Kd7 14. Qh5 f5 15.
exf6 Bxf6 16. Nf3 Rg8 17. Bd3 Qe8 18. Qg4 Qe7 19. O-O Nc4 20. Rfe1 Nd6 21. Re3
Ne4 22. c4 c6 23. Rae1 Rg6 24. Bxe4 dxe4 25. Rxe4 Re8 26. d5 cxd5 27. cxd5 Bxd5
28. Ne5+ Bxe5 29. Rxe5 Rxh6 30. Rxd5+ Kc7 31. Qg3+ Kb7 32. Rxg5 Qb4 33. c3 Qc4
34. Rg4 Ka6 35. Qf3 Qc8 36. Qd3+ 1-0

[Event "II Festival A"]
[Site "Salsomaggiore Terme ITA"]
[Date "1998.05.??"]
[Round "2"]
[White "Pipitone, Antonio"]
[Black "Isonzo, David"]
[Result "0-1"]
[WhiteElo "2050"]
[BlackElo "2235"]
[PlyCount "76"]
[EventDate "1998.05.14"]

1. e4 c5 2. Nf3 d6 3. d4 cxd4 4. Nxd4 Nf6 5. Nc3 a6 6. Be2 e5 7. Nb3 Be7 8. O-O
Be6 9. f4 Qc7 10. f5 Bc4 11. Bxc4 Qxc4 12. Qf3 b5 13. a3 Nbd7 14. Be3 O-O 15.
g4 d5 16. Nd2 dxe4 17. Ndxe4 Rac8 18. Rf2 Rfd8 19. Rg2 Nxe4 20. Nxe4 Nc5 21.
Nc3 e4 22. Qf2 Bf6 23. Nd1 Na4 24. c3 Qd5 25. Kh1 Rc6 26. g5 Be5 27. f6 Rcd6
28. Rg1 Nc5 29. Qc2 Nb3 30. Rb1 Nd2 31. Rc1 Nf3 32. Rf1 Nxh2 33. Rf5 Ng4 34.
Bf4 e3+ 35. Kg1 Qxd1+ 36. Rxd1 Rxd1+ 37. Qxd1 Rxd1+ 38. Kg2 e2 0-1

[Event "II Festival A"]
[Site "Salsomaggiore Terme ITA"]
[Date "1998.05.??"]
[Round "2"]
[White "Profumo, Alberto"]
[Black "Salami, Marco"]
[Result "0-1"]
[WhiteElo "2270"]
[BlackElo "2205"]
[PlyCount "34"]
[EventDate "1998.05.14"]

1. Nf3 f5 2. d4 Nf6 3. g3 g6 4. Bg2 Bg7 5. O-O O-O 6. c4 d6 7. Nc3 Qe8 8. d5
Na6 9. Rb1 Bd7 10. b4 c5 11. b5 Nc7 12. Qb3 b6 13. Ne1 Qf7 14. f4 Rad8 15. Nd3
e6 16. Nf2 exd5 17. cxd5 Rfe8 0-1

[Event "II Festival A"]
[Site "Salsomaggiore Terme ITA"]
[Date "1998.05.??"]
[Round "2"]
[White "Zlochevskij, Alexander"]
[Black "Vujovic, Milorad"]
[Result "1-0"]
[WhiteElo "2435"]
[BlackElo "2270"]
[PlyCount "75"]
[EventDate "1998.05.14"]

1. d4 Nf6 2. c4 e6 3. Nf3 Bb4+ 4. Bd2 Qe7 5. g3 a5 6. Nc3 Bxc3 7. Bxc3 Ne4 8.
Rc1 b6 9. Bg2 Bb7 10. O-O Nxc3 11. Rxc3 d6 12. Qa4+ Qd7 13. Qc2 Na6 14. Rd1 Rd8
15. Re3 Nb4 16. Qb1 Bxf3 17. Bxf3 O-O 18. a3 Nc6 19. b4 axb4 20. axb4 Ne7 21.
b5 d5 22. Rc3 c6 23. bxc6 Qxc6 24. Rdc1 Qd6 25. cxd5 exd5 26. Rb3 Rb8 27. Rb5
Rfd8 28. Qb3 g6 29. Rb1 Rdc8 30. Bxd5 Qf6 31. Rd1 Rd8 32. Bc4 Rxd4 33. Rxd4
Qxd4 34. Bxf7+ Kg7 35. Be6 Rf8 36. Qb2 Qxb2 37. Rxb2 Rb8 38. Bc4 {...} 1-0

[Event "II Festival A"]
[Site "Salsomaggiore Terme ITA"]
[Date "1998.05.??"]
[Round "3"]
[White "Barberi, Alessandro"]
[Black "Digiugno, Franco"]
[Result "1-0"]
[WhiteElo "2125"]
[BlackElo "2140"]
[PlyCount "83"]
[EventDate "1998.05.14"]

1. d4 Nf6 2. c4 e6 3. Nf3 c5 4. d5 b5 5. Bg5 bxc4 6. Nc3 Qb6 7. Bxf6 gxf6 8.
Qd2 Na6 9. e4 Nb4 10. Bxc4 Ba6 11. b3 Bxc4 12. bxc4 Bg7 13. O-O O-O 14. Rfb1
Qa5 15. a3 Na6 16. Rb5 Qc7 17. Rab1 Rab8 18. Qc2 Rxb5 19. cxb5 Nb8 20. Nd2 f5
21. Nc4 Qf4 22. g3 Qf3 23. Rb3 Bxc3 24. Rxc3 Qxe4 25. Qxe4 fxe4 26. dxe6 fxe6
27. Nd6 a6 28. a4 axb5 29. axb5 Kg7 30. Rxc5 Kf6 31. Nxe4+ Ke7 32. f4 d6 33.
Rc7+ Nd7 34. Rc6 e5 35. fxe5 dxe5 36. Rh6 Rh8 37. Kf2 Kd8 38. Ke3 Kc7 39. Kd3
Nb6 40. Rc6+ Kb7 41. Nd6+ Ka7 42. Ke4 1-0

[Event "II Festival A"]
[Site "Salsomaggiore Terme ITA"]
[Date "1998.05.??"]
[Round "3"]
[White "Caposciutti, Maurizio"]
[Black "Minerva, Enzo"]
[Result "1-0"]
[WhiteElo "2310"]
[BlackElo "2155"]
[PlyCount "113"]
[EventDate "1998.05.14"]

1. Nf3 Nf6 2. c4 c5 3. g3 g6 4. b3 Bg7 5. Bb2 b6 6. Bg2 Bb7 7. O-O O-O 8. Nc3
Nc6 9. d4 cxd4 10. Nxd4 Rc8 11. Rc1 d6 12. e3 Qd7 13. Nxc6 Bxc6 14. Qe2 Bxg2
15. Kxg2 Qb7+ 16. Qf3 Qxf3+ 17. Kxf3 Nd7 18. Rfd1 Rc5 19. Ke2 a6 20. Ba3 Ra5
21. Bb4 Bxc3 22. Bxa5 Bxa5 23. a3 b5 24. b4 Bb6 25. cxb5 axb5 26. Rd5 Ra8 27.
Rc3 Nc5 28. bxc5 Bxc5 29. Rb3 Ra5 30. e4 Kg7 31. Rdd3 Kf6 32. f4 h5 33. h3 e5
34. Rd5 exf4 35. gxf4 Ke6 36. f5+ gxf5 37. Rxf5 Ra4 38. Kf3 Bxa3 39. Rxh5 b4
40. Rb5 Ra8 41. h4 Rh8 42. h5 Rh7 43. Rd3 b3 44. Rbxb3 Bc5 45. Rd5 f6 46. Rb2
Ba3 47. Rg2 Bc1 48. Rg6 Bb2 49. Rf5 Bc1 50. Kg4 Bb2 51. h6 Be5 52. Kh5 Bb2 53.
Rg7 Rxg7 54. hxg7 Kf7 55. Kh6 Kg8 56. Rh5 Bc1+ 57. Kg6 1-0

[Event "II Festival A"]
[Site "Salsomaggiore Terme ITA"]
[Date "1998.05.??"]
[Round "3"]
[White "Costantini, Roberto"]
[Black "Iotti, Pierluigi"]
[Result "1/2-1/2"]
[WhiteElo "2140"]
[BlackElo "2325"]
[PlyCount "63"]
[EventDate "1998.05.14"]

1. e4 e6 2. d4 d5 3. Nc3 Bb4 4. e5 c5 5. Bd2 Ne7 6. a3 Bxc3 7. Bxc3 Nbc6 8. Nf3
Nf5 9. dxc5 d4 10. Bd2 Qd5 11. c4 dxc3 12. Bxc3 Qxc5 13. Rc1 Qb6 14. Bd3 O-O
15. O-O Rd8 16. Qe2 Bd7 17. Rfd1 Rac8 18. Bb1 Nce7 19. g4 Nh6 20. Qe4 Ng6 21.
Nd4 Ba4 22. Re1 Bb3 23. Nxb3 Qxb3 24. h3 Rc4 25. Qe3 Nf4 26. Be4 g5 27. Kh2
Rxe4 28. Qxe4 Rd2 29. Bxd2 Qxh3+ 30. Kg1 Qxg4+ 31. Kf1 Qh3+ 32. Kg1 1/2-1/2

[Event "II Festival A"]
[Site "Salsomaggiore Terme ITA"]
[Date "1998.05.??"]
[Round "3"]
[White "Jurkovic, Ante"]
[Black "Farago, Ivan"]
[Result "0-1"]
[WhiteElo "2320"]
[BlackElo "2475"]
[PlyCount "70"]
[EventDate "1998.05.14"]

1. e4 c5 2. Nf3 e6 3. d4 cxd4 4. Nxd4 a6 5. Bd3 Nf6 6. O-O Qc7 7. Qe2 d6 8. f4
Nbd7 9. Nf3 Nc5 10. Nc3 Be7 11. Kh1 b5 12. e5 Nfd7 13. f5 Nxe5 14. Nxe5 dxe5
15. Qg4 Bf6 16. Bg5 Bxg5 17. Qxg5 f6 18. Qh5+ Qf7 19. Qf3 Bb7 20. fxe6 Qxe6 21.
Qg3 Nxd3 22. Qxg7 O-O-O 23. Rxf6 Qg8 24. Qxg8 Rhxg8 25. cxd3 Rxg2 26. Ne4 Rxb2
27. Rc1+ Kb8 28. Rf7 Rxa2 29. Kg1 Rg8+ 30. Kf1 Bxe4 31. dxe4 Rgg2 32. Rd1 Rgd2
33. Rxd2 Rxd2 34. Rxh7 b4 35. Ke1 Rd4 0-1

[Event "II Festival A"]
[Site "Salsomaggiore Terme ITA"]
[Date "1998.05.??"]
[Round "3"]
[White "Jurkovic, Hrvoje"]
[Black "Isonzo, David"]
[Result "1/2-1/2"]
[WhiteElo "2380"]
[BlackElo "2235"]
[PlyCount "45"]
[EventDate "1998.05.14"]

1. e4 c5 2. Nc3 Nc6 3. g3 e6 4. Bg2 Nf6 5. f4 d6 6. Nf3 Be7 7. O-O O-O 8. h3
Qc7 9. d3 Rb8 10. g4 b5 11. Ne2 c4 12. Ng3 cxd3 13. cxd3 h6 14. Be3 Bb7 15. g5
hxg5 16. Nxg5 Rbc8 17. a3 d5 18. e5 Nd7 19. Qh5 Bxg5 20. Qxg5 f6 21. exf6 Nxf6
22. f5 e5 23. Nh5 1/2-1/2

[Event "II Festival A"]
[Site "Salsomaggiore Terme ITA"]
[Date "1998.05.??"]
[Round "3"]
[White "Komljenovic, Davorin"]
[Black "Zlochevskij, Alexander"]
[Result "1-0"]
[WhiteElo "2425"]
[BlackElo "2435"]
[PlyCount "71"]
[EventDate "1998.05.14"]

1. Nf3 c5 2. c4 b6 3. g3 Bb7 4. Bg2 g6 5. O-O Bg7 6. e3 Nf6 7. d4 e6 8. Nc3 Ne4
9. Bd2 cxd4 10. Nxd4 Nxc3 11. Bxc3 Bxg2 12. Kxg2 O-O 13. Qf3 Na6 14. Rac1 Rc8
15. b3 Nc5 16. Rfd1 a6 17. Ne2 Qc7 18. Bxg7 Kxg7 19. Nc3 Qc6 20. b4 Nb7 21.
Qxc6 dxc6 22. Rd7 Rb8 23. Na4 b5 24. cxb5 axb5 25. Nc3 Rfd8 26. Rc7 Nd6 27.
Rxc6 Rbc8 28. Rc5 Ra8 29. Rd1 Nf5 30. Rxd8 Rxd8 31. g4 Nd6 32. Nxb5 Ne4 33. Re5
f5 34. Nd4 Nf6 35. Rxe6 Nxg4 36. b5 1-0

[Event "II Festival A"]
[Site "Salsomaggiore Terme ITA"]
[Date "1998.05.??"]
[Round "3"]
[White "Loncar, Robert"]
[Black "Pangrazzi, Marco"]
[Result "1-0"]
[WhiteElo "2405"]
[BlackElo "2250"]
[PlyCount "85"]
[EventDate "1998.05.14"]

1. Nf3 c5 2. g3 Nc6 3. Bg2 g6 4. O-O Bg7 5. c3 e5 6. e4 Nge7 7. d3 O-O 8. Be3
d6 9. h3 h6 10. d4 exd4 11. cxd4 d5 12. Nc3 dxe4 13. Nxe4 cxd4 14. Bd2 Be6 15.
Qc1 Kh7 16. Nc5 Bd5 17. Nxb7 Qc8 18. Nc5 Bxf3 19. Bxf3 Qxh3 20. Qd1 Qf5 21. Rc1
Rad8 22. Be4 Qh3 23. Qa4 Ne5 24. Bg2 Qf5 25. Qxa7 Nd5 26. Qa3 d3 27. Qa4 Nf3+
28. Bxf3 Qxf3 29. Qd1 Qf5 30. b4 Bd4 31. Kg2 Rfe8 32. Qf3 Qxf3+ 33. Kxf3 Re2
34. Rcd1 Ne3 35. Bxe3 Bxe3 36. Rxd3 Rxd3 37. Nxd3 Rxa2 38. Rb1 Ra8 39. b5 Bd4
40. b6 Re8 41. b7 Ba7 42. Rc1 Bb8 43. Rc8 1-0